| 000 | 00964cam a22002653a 4500 | ||
|---|---|---|---|
| 001 | 28240 | ||
| 003 | PGUSA | ||
| 005 | 20140828083617.0 | ||
| 008 | 090302s2009||||xxu|||||s|||||000 p eng d | ||
| 040 |
_aPGUSA _beng |
||
| 042 | _adc | ||
| 050 | 4 | _aPG | |
| 100 | 1 |
_aMickiewicz, Adam, _d1798-1855 |
|
| 245 | 1 | 0 |
_aPan Tadeusz : _bOr, the Last Foray in Lithuania; a Story of Life Among Polish Gentlefolk in the Years 1811 and 1812 _h[electronic resource] / _cAdam Mickiewicz |
| 260 |
_bProject Gutenberg, _c2009 |
||
| 506 | _aPublic domain in the USA. | ||
| 516 | _aElectronic text | ||
| 653 | _aGentry -- Lithuania -- Social life and customs -- 19th century -- Fiction | ||
| 653 | _aGentry -- Poland -- Social life and customs -- 19th century -- Fiction | ||
| 653 | _aEpic poetry, Polish -- Adaptations | ||
| 700 | 1 |
_aNoyes, George Rapall, _d1873-1952 |
|
| 830 | 0 |
_aProject Gutenberg _v28240 |
|
| 856 | 4 | 0 | _uhttp://www.gutenberg.org/ebooks/28240 |
| 942 | _cEB | ||
| 999 |
_c257495 _d257495 |
||